000 00757nam a2200229Ii 4500
003 JO-AjNU
008 230605s9999||||xx |||||||||||||| ||und||
017 _a2008/5/1441
020 _a9957-07-583-5
040 _aJO-AjNU
_bara
_erda
_cJO-AjNU
041 _aara
050 1 4 _aBF637.C6.S94.2009
100 3 _aسليمان،عبد الله محمود,
_eauthor
_928526
245 0 0 _aدراسات في علم النفس الإرشادي
250 _aط1
264 3 1 _aعمان:دار الفكر ناشرون وموزعون ، 2009
300 _a278ص
336 _atext
_btxt
_2rdacontent
337 _aunmediated
_bn
_2rdamedia
338 _avolume
_bnc
_2rdacarrier
650 4 _aعلم النفس التربوي-الارشاد التربوي
_928527
999 _aA11075
_c14643
_d14643